| 000 | 00335nam a22001337a 4500 | ||
|---|---|---|---|
| 008 | 170301b xxu||||| |||| 00| 0 eng d | ||
| 020 | _a9780763718572 | ||
| 041 | _aeng | ||
| 080 |
_22ND _a616.8-006 |
||
| 100 | _a6 | ||
| 101 | _aSHM | ||
| 245 |
_aMALIGNANAT LIVER TUMORS: CURRENT AND EMERGING THERAPIES _cCLAVIEN, P.A |
||
| 942 |
_2udc _cBK |
||
| 999 |
_c6473 _d6473 |
||